Κι όμως υπάρχουν νεράιδες : μυθιστόρημα

Αποθηκεύτηκε σε:
Λεπτομέρειες βιβλιογραφικής εγγραφής
Κύριος συγγραφέας: Γούσιου, Μαρία
Μορφή: Βιβλίο
Γλώσσα:Greek
Δημοσίευση: Αθήνα : Σύγχρονοι Ορίζοντες, c2003.
Σειρά:Έλληνες συγγραφείς (Σύγχρονοι Ορίζοντες)
Θέματα:
Ετικέτες: Προσθήκη ετικέτας
Δεν υπάρχουν, Καταχωρήστε ετικέτα πρώτοι!

MARC

LEADER 00000cam a2200000 i 4500
001 1/69277
008 050110s2003 gr | ||| |||| ||gre||
020 |a 9603980943 
035 |l 10075927 
040 |a GR-MyUA  |b gre  |e AACR2 
041 0 |a gre 
082 7 |a 889.3  |2 (21) 
100 1 |a Γούσιου, Μαρία. 
245 1 0 |a Κι όμως υπάρχουν νεράιδες :   |b μυθιστόρημα /   |c Μαρία Γούσιου.  
260 |a Αθήνα :   |b Σύγχρονοι Ορίζοντες,   |c c2003.  
300 |a 276 σ. ;   |c 21 εκ.  
490 1 |a (Έλληνες συγγραφείς / Σύγχρονοι Ορίζοντες)  
650 0 |a Greek fiction. 
830 0 |a Έλληνες συγγραφείς (Σύγχρονοι Ορίζοντες) 
852 |a INST  |b SAMOS  |e 20050110  |h 889.3 ΓΟΥ  |p 005300025468  |q 005300025468  |t BK  |y 0 
901 |a BIBL3-2004-3 
970 |a ΚΟΣΙΕΡΗΣ  |b ΧΡΗΣΤΟΣ  |z 2005/01/10